000
00315nam a22001337a 4500
020
_a
0-442-22114-2
082
_a
658.404 PRO'C
100
_a
KING, W.R ,CLELAND, D.H
_9
79820
245
_a
PROJECT MANAGEMENT HANDBOOK
250
_a
2ND
260
_a
NEWYORK
_b
VAN NOSTRAND
_c
1988
300
_a
X, 997P
942
_c
BK
999
_c
584812
_d
584812